00386nam a2200157Ia 4500001000500000005001700005008004100022041000800063082001800071100003200089245005400121260000900175300002800184650000800212654000800220380620260306145710.0260306t2010||||xx |||||||||||||| ||spa|| aESP a303.4833bF49 aFigueiras, Aníbal R.eAUT 0aLa sociedad de la información y el conocimiento c2010 a247 páginas :c25 cm. aGEN aCHU